Together with hands on grammer English work book-2 Teacher copy (Record no. 4509)
[ view plain ]
| 000 -LEADER | |
|---|---|
| fixed length control field | 00265nam a22000857a 4500 |
| 008 - FIXED-LENGTH DATA ELEMENTS--GENERAL INFORMATION | |
| fixed length control field | 161205b xxu||||| |||| 00| 0 eng d |
| 100 ## - MAIN ENTRY--PERSONAL NAME | |
| 9 (RLIN) | 1800 |
| Personal name | Jerath,s |
| 245 ## - TITLE STATEMENT | |
| Title | Together with hands on grammer English work book-2 Teacher copy |
| 260 ## - PUBLICATION, DISTRIBUTION, ETC. (IMPRINT) | |
| Place of publication, distribution, etc. | NEW DELHI |
| Name of publisher, distributor, etc. | RACHNA SAGAR |
| Date of publication, distribution, etc. | 2008 |
No items available.